Организация самостоятельной работы студентов технического вуза как средство формирования профессиональных умений; Высшее образование сегодня; № 4
| Parent link: | Высшее образование сегодня.— , 2001- № 4.— 2011.— [С. 74-76] |
|---|---|
| Autore principale: | |
| Riassunto: | Заглавие с экрана Рассматриваются методы организации самостоятельной работы студентов технических вузов на аудиторных и внеаудиторных занятиях по математике с использованием компьютерных средств. Технология организации самостоятельной работы студентов, предложенная автором, направлена на повышение уровня знаний по математике, приобретение студентами умений самостоятельного планирования процесса обучения, развитие способностей по применению математических методов и новых знаний для решения задач профессиональной направленности Режим доступа: по договору с организацией-держателем ресурса |
| Lingua: | russo |
| Pubblicazione: |
2011
|
| Soggetti: | |
| Accesso online: | http://elibrary.ru/item.asp?id=16539208& |
| Natura: | MixedMaterials Elettronico Capitolo di libro |
| KOHA link: | https://koha.lib.tpu.ru/cgi-bin/koha/opac-detail.pl?biblionumber=637300 |
MARC
| LEADER | 00000nla0a2200000 4500 | ||
|---|---|---|---|
| 001 | 637300 | ||
| 005 | 20250417103440.0 | ||
| 035 | |a (RuTPU)RU\TPU\network\1400 | ||
| 035 | |a RU\TPU\network\386 | ||
| 090 | |a 637300 | ||
| 100 | |a 20140627d2011 k||y0rusy50 ca | ||
| 101 | 0 | |a rus | |
| 102 | |a RU | ||
| 135 | |a drcn ---uucaa | ||
| 181 | 0 | |a i | |
| 182 | 0 | |a b | |
| 200 | 1 | |a Организация самостоятельной работы студентов технического вуза как средство формирования профессиональных умений |f О. Н. Ефремова | |
| 203 | |a Текст |c электронный | ||
| 300 | |a Заглавие с экрана | ||
| 320 | |a [Библиогр.: с. 76 (5 назв.)] | ||
| 330 | |a Рассматриваются методы организации самостоятельной работы студентов технических вузов на аудиторных и внеаудиторных занятиях по математике с использованием компьютерных средств. Технология организации самостоятельной работы студентов, предложенная автором, направлена на повышение уровня знаний по математике, приобретение студентами умений самостоятельного планирования процесса обучения, развитие способностей по применению математических методов и новых знаний для решения задач профессиональной направленности | ||
| 333 | |a Режим доступа: по договору с организацией-держателем ресурса | ||
| 461 | |t Высшее образование сегодня |d 2001- | ||
| 463 | |t № 4 |v [С. 74-76] |d 2011 | ||
| 610 | 1 | |a электронный ресурс | |
| 610 | 1 | |a труды учёных ТПУ | |
| 610 | 1 | |a самостоятельная работа | |
| 610 | 1 | |a студенты | |
| 610 | 1 | |a компьютерные средства | |
| 610 | 1 | |a умения | |
| 610 | 1 | |a технические вузы | |
| 700 | 1 | |a Ефремова |b О. Н. |c математик |c доцент Томского политехнического университета, кандидат наук |f 1965- |g Оксана Николаевна |3 (RuTPU)RU\TPU\pers\26750 |9 12393 | |
| 801 | 2 | |a RU |b 63413507 |c 20140627 |g RCR | |
| 850 | |a 63413507 | ||
| 856 | 4 | |u http://elibrary.ru/item.asp?id=16539208& | |
| 942 | |c CF | ||